Financial engineering in India: (Economic and social perspective (Record no. 510067)

000 -LEADER
fixed length control field 00509nam a2200157 4500
008 - FIXED-LENGTH DATA ELEMENTS--GENERAL INFORMATION
fixed length control field 190723b ||||| |||| 00| 0 eng d
100 ## - MAIN ENTRY--PERSONAL NAME
Personal name Telang, Vidya
245 ## - TITLE STATEMENT
Title Financial engineering in India: (Economic and social perspective
260 ## - PUBLICATION, DISTRIBUTION, ETC. (IMPRINT)
Date of publication, distribution, etc 2019
300 ## - PHYSICAL DESCRIPTION
Extent p.142-151.
650 ## - SUBJECT ADDED ENTRY--TOPICAL TERM
Topical term or geographic name as entry element financial engineering
9 (RLIN) 7514
700 ## - ADDED ENTRY--PERSONAL NAME
Personal name Gangrade, Shailendra
9 (RLIN) 7233
773 ## - HOST ITEM ENTRY
Main entry heading Prestige International Journal of Management and Research
906 ## - LOCAL DATA ELEMENT F, LDF (RLIN)
Subject DIP Financial administration - India
942 ## - ADDED ENTRY ELEMENTS (KOHA)
Source of classification or shelving scheme
Item type Articles
Holdings
Withdrawn status Lost status Source of classification or shelving scheme Damaged status Not for loan Permanent location Current location Date acquired Serial Enumeration / chronology Barcode Date last seen Koha item type
          Indian Institute of Public Administration Indian Institute of Public Administration 2019-07-23 11(2), Feb, 2019: p.142-151. AR120426 2019-07-23 Articles

Powered by Koha